000 01169cam a2200349 i 4500
001 38144
003 KOSZ 005
005 20220407082339.0
008 000823s2000 pl a f f |001 0 pol
015 _aPB 2000/15928
020 _a8372071195
040 _aWA N
_cWA N
_dKOSZ 005/HR
041 0 _apol
046 _k2000
080 _a621.9
080 _a(075.8)
100 1 _aFilipowski, Ryszard
_eAutor
245 1 0 _aTechniki obróbki mechanicznej i erozyjnej /
_cRyszard Filipowski, Mieczysław Marciniak.
260 _aWarszawa :
_bOficyna Wydawnicza Politechniki Warszawskiej,
_c2000.
300 _a507 s. :
_bil. ;
_c24 cm.
380 _aKsiążki
388 _a1901-2000
388 _a1989-2000
504 _aBibliogr. - Indeks.
650 4 _aTechnologia
655 4 _aPodręczniki akademickie
658 _aInżynieria i technika
700 1 _aMarciniak, Mieczysław
_c(budowa i eksploatacja maszyn)
_eAutor
710 2 _aOficyna Wydawnicza Politechniki Warszawskiej
_4pbl.
856 _uhttp://koha.tu.koszalin.pl/cgi-bin/koha/opac-detail.pl?biblionumber=38144
_yKatalog online BPK
942 _2UKD
_cKS
999 _c38144
_d38144